| 000 | 00417nam a2200157Ia 4500 | ||
|---|---|---|---|
| 008 | 230312s9999||||xx |||||||||||||| ||und|| | ||
| 020 | _a1-78067-023-2 | ||
| 082 |
_a712.094 _bMCL-D |
||
| 100 | _aMcLeod;Virginia | ||
| 245 | 0 | _aDetail in Contemporary Landscape Architecture | |
| 260 |
_bLaurence King _aChina _c2008 |
||
| 300 | _a192 | ||
| 546 | _aEng. | ||
| 650 |
_aArchitecture _vLandscape Architecture |
||
| 942 | _cBK | ||
| 999 |
_c8212 _d8212 |
||